Normal view
MARC view
Entry Personal Name
001 - CONTROL NUMBER
- control field: 31575
003 - CONTROL NUMBER IDENTIFIER
- control field: OSt
005 - DATE AND TIME OF LATEST TRANSACTION
- control field: 20160112174327.0
008 - FIXED-LENGTH DATA ELEMENTS
- fixed length control field: 160112|| aca||aabn | a|a d
040 ## - CATALOGING SOURCE
- Original cataloging agency: OSt
- Transcribing agency: OSt
100 ## - HEADING--PERSONAL NAME
- Personal name: संजीव वर्मा
670 ## - SOURCE DATA FOUND
- Source citation: Work cat.: (OSt): संजीव वर्मा, सिविल सर्विसेज एप्टीच्यूड टेस्ट मार्गदर्शिका









